000 00677nam a2200217 a 4500
999 _c3533
_d3533
001 3533
003 BD-JhCC
005 20171119092357.0
008 171114s1968 bg |||| |ag| 000 0 ben d
035 _a(BD-JhCC)3533
040 _aBD-JhCC
_dBD-JhCC
041 _aben
082 _a891.442
_bGON 1968
100 _aগণি, মিয়াঁ আবদুল
245 _aরাজার ছেলে :
_bকিশোর নাটিকা /
_cমিয়াঁ আবদুল গণি,
260 _aবগুড়া :
_bসাহিত্য কুঠির,
_c1968
300 _a56 p. :
_c18 cm.
650 _aBengali Drama
942 _2ddc
_cBK